While Cuba waits : (Record no. 1017)

MARC details
000 -LEADER
campo de control de longitud fija 01149nam a22002537a 4500
008 - DATOS DE LONGITUD FIJA--INFORMACIÓN GENERAL
campo de control de longitud fija 160820s1999 xxu||||| |||| 00| 0 eng d
082 04 - NÚMERO DE LA CLASIFICACIÓN DECIMAL DEWEY
Número de clasificación 708
Número de ítem W572w
100 1# - ENTRADA PRINCIPAL--NOMBRE DE PERSONA
Nombre de persona Power, Kevin.
9 (RLIN) 5430
245 10 - MENCIÓN DEL TÍTULO
Título While Cuba waits :
Resto del título art from the nineties /
Mención de responsabilidad, etc. editado por Kevin Power y Pilar Perez ; Track 16 Gallery.
250 ## - MENCION DE EDICION
Mención de edición 1a ed.
260 ## - PUBLICACIÓN, DISTRIBUCIÓN, ETC.
Lugar de publicación, distribución, etc. Nueva York, Estados Unidos :
Nombre del editor, distribuidor, etc. Smart Art Press,
Fecha de publicación, distribución, etc. 1999.
300 ## - DESCRIPCIÓN FÍSICA
Extensión 132 p.
Otras características físicas il. col.
440 #0 - MENCIÓN DE SERIE/PUNTO DE ACCESO ADICIONAL--TÍTULO
Título While Cuba waits
Designación de volumen o secuencia 6
9 (RLIN) 5431
500 ## - NOTA GENERAL
Nota general Catálogo publicado con motivo a la exposición "While Cuba waits: art in the nineties", presentada en Track 16 Gallery, del 17 de julio al 28 de agosto.
505 1# - NOTA DE CONTENIDO CON FORMATO
Título Island: historical fictions and histories from fiction
Mención de responsabilidad Dannys Montes de Oca Moreda.
Título Cuba: one story after another
Mención de responsabilidad Kevin Power.
Título Storytelling in Cuba: The tale and the suspicion
Mención de responsabilidad Lupe Álvarez.
Título Artists Pages.
-- Spanish Translations.
-- Biographies.
653 10 - TÉRMINO DE INDIZACIÓN--NO CONTROLADO
Término no controlado Arte contemporáneo
653 10 - TÉRMINO DE INDIZACIÓN--NO CONTROLADO
Término no controlado Catálogo de exhibición
653 10 - TÉRMINO DE INDIZACIÓN--NO CONTROLADO
Término no controlado Exhibiciones
653 10 - TÉRMINO DE INDIZACIÓN--NO CONTROLADO
Término no controlado Dibujo
653 10 - TÉRMINO DE INDIZACIÓN--NO CONTROLADO
Término no controlado Fotografía
653 10 - TÉRMINO DE INDIZACIÓN--NO CONTROLADO
Término no controlado Pintura
653 10 - TÉRMINO DE INDIZACIÓN--NO CONTROLADO
Término no controlado Arte - Cuba
710 1# - ENTRADA AGREGADA--NOMBRE DE ENTIDAD CORPORATIVA
Nombre de entidad corporativa o nombre de jurisdicción como elemento de entrada Track 16 Gallery.
9 (RLIN) 5432
Holdings
Estatus retirado Estado de pérdida Fuente del sistema de clasificación o colocación Estado de daño No para préstamo Biblioteca de origen Biblioteca actual Ubicación en estantería Fecha de adquisición Total de préstamos Signatura topográfica completa Código de barras Visto por última vez Precio de reemplazo Tipo de ítem Koha
    Clasificación Decimal Dewey     Biblioteca LadoV Biblioteca LadoV   20/08/2016   708 W572w 003857 20/08/2016 20/08/2016 Material 01